|
|
|
|
| LEADER |
01984nem a22004212a 4500 |
| 001 |
mzk03001064882 |
| 003 |
CZ BrMZK |
| 005 |
20130304083736.0 |
| 007 |
aj|aa||| |
| 008 |
080722s1827 au |||||||a|||r|||||gerod |
| 034 |
0 |
|
|a a
|d E0071741
|e E0254824
|f N0534542
|g N0414418
|
| 040 |
|
|
|a BOA001
|b cze
|
| 043 |
|
|
|a e------
|
| 072 |
|
7 |
|a 912:904
|x Staré mapy
|2 Konspekt
|9 7
|
| 080 |
|
|
|a (084.3)
|2 MRF
|
| 080 |
|
|
|a (4)
|2 MRF
|
| 100 |
1 |
|
|a Raffelsperger, Franz,
|d 1793-1861
|7 xx0013447
|4 aut
|
| 245 |
1 |
0 |
|a Reise und Influenz-Karte der Eil-Post-und Brancard-Wagen-Course in dem Oesterreichischen Kaiserstaate
|h [kartografický dokument] /
|c Entworfen und herausgegeben vom Franz Raffelsperger bei der Haupt-Direction der K. K. Fahrposten in Wien ; Lithograph. bey Mansfeld et Comp. in Wien ; A. R. Peiske Lithograph.
|
| 250 |
|
|
|a Zweite Auflage
|
| 255 |
|
|
|a Měřítko neuvedeno
|c (007°17´41" v.d.--025°48´24" v.d./053°45´42" s.š.--041°44´18" s.š.)
|
| 260 |
|
|
|a Zu haben in Wien :
|b bey dem Verfasser bey J. Bermann am Graben; - in den Provinzen: bey allen K. K. Postämter, so wie auch in allen guten Buch- und Kunsthandlungen,
|c 1827
|
| 300 |
|
|
|a 1 mapa :
|b litografie ;
|c 49,5 x 69 cm na listu 53,5 x 73,3 cm
|
| 500 |
|
|
|a Na ruku rukopisná poznámka tužkou "D"
|
| 500 |
|
|
|a Výzdoba: V levém horním rohu název, při pravém okraji cetovní tabulky a vysvětlivky, ozdobný rámec
|
| 655 |
|
7 |
|a historické mapy
|7 fd186723
|2 czenas
|
| 651 |
|
7 |
|a Rakousko (1804-1867)
|7 ge487178
|2 czenas
|
| 651 |
|
7 |
|a Uhersko
|7 ge311057
|2 czenas
|
| 700 |
1 |
|
|a Peiske, A. K.
|4 egr
|
| 700 |
1 |
|
|a Mansfeld, Heinrich Joseph,
|d 1785-1866
|4 egr
|
| 856 |
4 |
1 |
|u http://mapy.mzk.cz/mzk03/001/064/882/2610350408
|y Digitalizovaný dokument
|
| 910 |
|
|
|a BOA001
|b STMpa-1209.014
|
| 978 |
|
|
|b Bermann, Joseph
|a Wien
|c 1827
|
| 978 |
|
|
|b Mansfeld et. Comp.
|a Wien
|c 1827
|
| 978 |
|
|
|b Raffelsperger, Franz
|a Wien
|c 1827
|
| 984 |
|
|
|a Vídeň
|b Rakousko
|
| 985 |
|
|
|a 1801-1850
|
| 990 |
|
|
|a MP
|
| 991 |
|
|
|k mzk
|